Climate Change : (Record no. 12169)

MARC details
000 -LEADER
fixed length control field 01436cam a2200361 i 4500
001 - CONTROL NUMBER
control field 1999158
003 - CONTROL NUMBER IDENTIFIER
control field EG-ScBUE
005 - DATE AND TIME OF LATEST TRANSACTION
control field 20260120102000.0
008 - FIXED-LENGTH DATA ELEMENTS--GENERAL INFORMATION
fixed length control field 900809t1990 enka f b 000 0 eng d
020 ## - INTERNATIONAL STANDARD BOOK NUMBER
International Standard Book Number 9780521407205
020 ## - INTERNATIONAL STANDARD BOOK NUMBER
International Standard Book Number 0521407206 (paperback)
040 ## - CATALOGING SOURCE
Original cataloging agency DLC
Language of cataloging eng
Description conventions rda
Transcribing agency DLC
Modifying agency DLC
-- EG-ScBUE
082 04 - DEWEY DECIMAL CLASSIFICATION NUMBER
Classification number 551.5253
Edition number 22
Item number CLI
245 00 - TITLE STATEMENT
Title Climate Change :
Remainder of title the IPCC scientific assessment /
Statement of responsibility, etc edited by J.T. Houghton, G.J. Jenkins, and J.J. Ephraums.
264 #1 - PUBLICATION, DISTRIBUTION, ETC. (IMPRINT)
Place of publication, distribution, etc Cambridge ;
-- New York :
Name of publisher, distributor, etc Cambridge University Press,
Date of publication, distribution, etc [1990]
264 #4 - PUBLICATION, DISTRIBUTION, ETC. (IMPRINT)
Date of publication, distribution, etc c1990
300 ## - PHYSICAL DESCRIPTION
Extent xxxix, 364 pages :
Other physical details illustrations (some color) ;
Dimensions 31 cm
336 ## - CONTENT TYPE
Source rdacontent
Content type term text
Content type code txt
337 ## - MEDIA TYPE
Media type term unmediated
Source rdamedia
Media type code n
338 ## - CARRIER TYPE
Carrier type term volume
Carrier type code nc
Source rdacarrier
500 ## - GENERAL NOTE
General note "Report prepared for IPCC by Working Group 1"--7th prelim. p.
500 ## - GENERAL NOTE
General note "Published for the Intergovernmental Panel on Climate Change."
504 ## - BIBLIOGRAPHY, ETC. NOTE
Bibliography, etc Includes bibliographical references.
650 #7 - SUBJECT ADDED ENTRY--TOPICAL TERM
Topical term or geographic name as entry element Climatic changes.
Source of heading or term BUEsh
9 (RLIN) 7437
650 #7 - SUBJECT ADDED ENTRY--TOPICAL TERM
Topical term or geographic name as entry element Greenhouse gases
General subdivision Environmental aspects.
Source of heading or term BUEsh
9 (RLIN) 7438
650 #7 - SUBJECT ADDED ENTRY--TOPICAL TERM
Topical term or geographic name as entry element Greenhouse effect, Atmospheric.
Source of heading or term BUEsh
9 (RLIN) 7439
655 ## - INDEX TERM--GENRE/FORM
Form subdivision Reading book
700 1# - ADDED ENTRY--PERSONAL NAME
Personal name Houghton, John Theodore,
Relator term editor.
9 (RLIN) 7440
700 1# - ADDED ENTRY--PERSONAL NAME
Personal name Jenkins, G. J.
Fuller form of name (Geoffrey J.)
Relator term editor.
9 (RLIN) 7441
700 1# - ADDED ENTRY--PERSONAL NAME
Personal name Ephraums, J. J.,
Relator term editor.
9 (RLIN) 7442
710 2# - ADDED ENTRY--CORPORATE NAME
Corporate name or jurisdiction name as entry element Intergovernmental Panel on Climate Change.
Subordinate unit Working Group I.
9 (RLIN) 7443
942 ## - ADDED ENTRY ELEMENTS (KOHA)
Source of classification or shelving scheme Dewey Decimal Classification
Koha item type Book - Borrowing
Holdings
Withdrawn status Lost status Source of classification or shelving scheme Damaged status Not for loan Collection code Home library Current library Shelving location Date acquired Source of acquisition Cost, normal purchase price Serial Enumeration / chronology Total Checkouts Full call number Barcode Date last seen Date checked out Price effective from Koha item type
    Dewey Decimal Classification     Alahram Central Library Central Library First floor 01/07/2009   125.00 72 2 551.5253 CLI 000016977 15/07/2025 09/02/2025 01/07/2009 Book - Borrowing